Catálogo
 En Linea

Metatrón / (Registro nro. 8078)

Detalles MARC
000 -CABECERA
campo de control de longitud fija 00709cam a2200229 a 4500
001 - NÚMERO DE CONTROL
campo de control 000008307
005 - FECHA Y HORA DE LA ÚLTIMA TRANSACCIÓN
campo de control 20260513160823.0
008 - DATOS DE LONGITUD FIJA--INFORMACIÓN GENERAL
campo de control de longitud fija 970227s1995 ck a 000 1 spa
020 ## - NÚMERO INTERNACIONAL ESTÁNDAR DEL LIBRO
Número Internacional Estándar del Libro 9586122085
040 ## - FUENTE DE LA CATALOGACIÓN
Centro catalogador/agencia de origen DO-SdBNP
Centro/agencia transcriptor DLC
082 ## - NÚMERO DE LA CLASIFICACIÓN DECIMAL DEWEY
Número de clasificación Co863.6
Número de documento/Ítem P859m
100 1# - ENTRADA PRINCIPAL--NOMBRE DE PERSONA
Nombre de persona Potdevin Segura, Philip,
Fechas asociadas al nombre 1958-
9 (RLIN) 22459
245 10 - MENCIÓN DE TÍTULO
Título Metatrón /
Mención de responsabilidad, etc. Philip Potdevin Segura.
260 ## - PUBLICACIÓN, DISTRIBUCIÓN, ETC.
Lugar de publicación, distribución, etc. Colombia :
Nombre del editor, distribuidor, etc. Colcultura,
Fecha de publicación, distribución, etc. 1995.
300 ## - DESCRIPCIÓN FÍSICA
Extensión 369 p. :
Otras características físicas il. ;
Dimensiones 21 cm.
586 ## - NOTA DE PREMIOS
Nota de premios Premios Nacionales de Cultura, 1994
650 #4 - PUNTO DE ACCESO ADICIONAL DE MATERIA--TÉRMINO DE MATERIA
Término de materia o nombre geográfico como elemento de entrada Novela colombiana
9 (RLIN) 1243
650 #4 - PUNTO DE ACCESO ADICIONAL DE MATERIA--TÉRMINO DE MATERIA
Término de materia o nombre geográfico como elemento de entrada Literatura colombiana
9 (RLIN) 1244
650 #0 - PUNTO DE ACCESO ADICIONAL DE MATERIA--TÉRMINO DE MATERIA
Término de materia o nombre geográfico como elemento de entrada Historias de aventuras
9 (RLIN) 22460
650 #4 - PUNTO DE ACCESO ADICIONAL DE MATERIA--TÉRMINO DE MATERIA
Término de materia o nombre geográfico como elemento de entrada Ángeles
Subdivisión general Aventura
9 (RLIN) 22461
910 ## - DATOS DE OPCIÓN DEL USUARIO (OCLC)
Datos de opción del usuario Catalogación por copia / LC
Existencias
Estado de retiro Estado de pérdida Restricciones de uso No para préstamo Código de colección Localización permanente Ubicación/localización actual Ubicación en estantería Fecha de adquisición Número de inventario Total de préstamos Signatura topográfica completa Código de barras Fecha visto por última vez Precio válido a partir de Tipo de ítem Koha
    Préstamo interno   Monografías: Libros y Folletos General General En catalogación 15.09.2009 LF1   Co863.6 P859m 8307-10 25.06.2020 25.06.2020 Préstamo interno

Con tecnología Koha